| 000 | 00362nam a2200133Ia 4500 | ||
|---|---|---|---|
| 008 | 240624s9999 xx 000 0 und d | ||
| 041 | _aeng | ||
| 082 | _a658.4092 BAG | ||
| 100 | _aBAGCHI SUBRATO | ||
| 245 | _aGO KISS THE WORLD LIFE LESSONS FOR THE Y | ||
| 260 |
_c2008 _aNew Delhi _bPenguin Books India |
||
| 300 | _ax, : 239 : p. : cm. ; 20 | ||
| 365 |
_cRS _b20 |
||
| 999 |
_c17192 _d17192 |
||